Loading...
| Fine Arts - Classical Music | 0 | 5 | 0 | 0 | 50 | 80 | 109.20 | 0 | 3 |
| Science - Biology | 0 | 5 | 1 | 0 | 45 | 57 | 86.40 | 2 | 5 |
| Fine Arts - Other Fine Arts | 0 | 4 | 0 | 2 | 40 | 70 | 109.75 | 1 | 2 |
| Fine Arts - Painting & Sculpture | 0 | 4 | 0 | 1 | 40 | 63 | 98.00 | 1 | 3 |
| Science - Chemistry | 0 | 3 | 0 | 2 | 30 | 104 | 104.67 | 1 | 1 |
| Literature - World Literature | 0 | 2 | 0 | 0 | 20 | 90 | 101.50 | 0 | 2 |
| Religion | 0 | 1 | 0 | 0 | 10 | 76 | 76.00 | 0 | 1 |
| Mythology | 0 | 1 | 0 | 0 | 10 | 81 | 81.00 | 1 | 1 |
| Science - Other Science | 0 | 1 | 0 | 0 | 10 | 75 | 75.00 | 1 | 1 |
| Literature - European Literature | 0 | 1 | 0 | 0 | 10 | 42 | 42.00 | 1 | 1 |
| Literature - American Literature | 0 | 1 | 0 | 0 | 10 | 45 | 45.00 | 1 | 1 |
| History - World History | 0 | 1 | 0 | 1 | 10 | 131 | 131.00 | 0 | 1 |
| Other | 0 | 1 | 1 | 0 | 5 | 64 | 64.00 | 0 | 0 |